Forjadores de una nación
Kaydedildi:
| Yazar: | |
|---|---|
| Materyal Türü: | Kitap |
| Dil: | İspanyolca |
| Baskı/Yayın Bilgisi: |
Buenos Aires
Victor Leru
1962
|
| Konular: | |
| Etiketler: |
Etiketle
Etiket eklenmemiş, İlk siz ekleyin!
|
MARC
| LEADER | 00000nam a2200000 a 4500 | ||
|---|---|---|---|
| 001 | UCO1186 | ||
| 003 | CL-VaPUC | ||
| 008 | 000512e19620000AG |||||||||||||||||spa|d | ||
| 082 | 0 | 4 | |a 973.0992 |b PAD |2 21 |
| 100 | |a Padover, Saul K. |e autor |9 443065 | ||
| 245 | 1 | 0 | |a Forjadores de una nación |
| 300 | |a 375 p | ||
| 942 | |c BK | ||
| 945 | |d 20000512 00:00:00 |a crobeson | ||
| 260 | |a Buenos Aires |b Victor Leru |c 1962 | ||
| 650 | 7 | |a HISTORIA ESTADOUNIDENSE |2 CL-VaPUC |9 350346 | |
| 650 | 0 | |a Biografías |9 255210 | |
| 650 | 0 | |a Presidentes |9 255176 | |
| 650 | 0 | |a Políticos |9 256302 | |
| 650 | 0 | |a Artistas |9 262026 | |
| 651 | 0 | |a Estados Unidos |9 255178 | |
| 583 | |a last modification |c 20000512 00:00:00 |k Rodrigo Vera | ||
| 999 | |c 287815 |d 287813 | ||
| 952 | |0 0 |1 0 |4 0 |6 973_099200000000000_PAD_1962 |7 0 |8 A |9 334871 |a BIBHIS |b BIBHIS |d 2019-11-20 |i 1274694 |o 973.0992 PAD 1962 |p 1274694 |r 2025-01-20 |w 2019-11-20 |y BK |k HIS | ||